000 00489nam a2200181 i 4500
001 bg
100 1 _aSTĘPNIEWSKI, Alfred
245 0 0 _aWykłady z mechaniki.
_nT. 2,
_pDynamika /
_cAlfred Stępniewski.
260 _aSzczecin :
_bnakł autora,
_c1995.
300 _a631 s. :
_brys., wykr. ;
_c24 cm.
650 9 _aDynamika
655 _aPodręczniki akademickie
040 _cBPK
041 0 _apl
080 _a531.3(075.8)
942 _cKS
008 s pl f |000 0 pol
999 _c25003
_d25003
856 _uhttp://koha.tu.koszalin.pl/cgi-bin/koha/opac-detail.pl?biblionumber=25003
_yKatalog online BPK